| 000 | 00921nam0a22002771 4500 | ||
|---|---|---|---|
| 001 | RU\NLR\A1SV\3688 | ||
| 005 | 20251203171251.9 | ||
| 035 | _a(NLR Aleph) 009689692 | ||
| 090 |
_a9731343 _c9731343 |
||
| 100 | _a20090224d1926 u y0rusy50 ca | ||
| 101 | 0 | _arus | |
| 102 | _aRU | ||
| 200 | 1 |
_aСокращенный стенографический отчет _fIII сессия Сов. уполномоченных МСПО. 9-10 нояб. 1925 г. |
|
| 210 |
_aМ. _cГород и деревня _d1926 |
||
| 215 |
_a56 с. _d22 см |
||
| 620 | _dМосква | ||
| 710 | 0 | 2 |
_aМосковский союз потребительских обществ _bСовет уполномоченных _bСессия _d3 _f1925 |
| 801 | 0 |
_aRU _bNLR _c20090224 |
|
| 899 |
_aРНБ _j34/3100 |
||
| 899 | _aНБ ТГУ | ||
| 899 | _aРГБ | ||
| 942 | _cBOOK | ||
| 980 | _aNB | ||
| 980 | _aA1SV | ||
| 980 | _aA1SV | ||